00578nam a2200193Ii 450000100060000000300090000600800410001502000180005604000330007404100080010708400120011510000350012724500640016226400650022630000120029133600260030333700280032933800270035720219CO-ViMGA241108s9999||||xx |||||||||||||| ||und|| a9789587723557 aCO-ViMGAbspaerdacCO-ViMGA0 aspa aP JUA2p1 aSor Juana de Inés de la Cruz10aPoner bellezas en mi entendimiento :bantología poética 1aBogotá, Colombia : Universidad Externado de Colombia, 2015 avolumen atextbtxt2rdacontent aunmediatedbn2rdamedia avolumebnc2rdacarrier